LIBRARY & INFORMATION CENTRE, KCAET, TAVANUR

ONLINE PUBLIC ACCESS CATALOGUE (OPAC)

Irrigation and Drainage / (Record no. 1312)

MARC details
000 -LEADER
fixed length control field 00477cam a2200193ua 4500
041 ## - LANGUAGE CODE
Language code of text/sound track or separate title eng
082 ## - DEWEY DECIMAL CLASSIFICATION NUMBER
Classification number 631.5871
Item number SIV/IR
100 ## - MAIN ENTRY--AUTHOR NAME
Personal name Sivanappan, R.K .
245 ## - TITLE STATEMENT
Title Irrigation and Drainage /
250 ## - EDITION STATEMENT
Edition statement 1 /
260 ## - PUBLICATION, DISTRIBUTION, ETC. (IMPRINT)
Place of publication Madras :
Name of publisher Popular book depot ,
Year of publication 1977.
300 ## - PHYSICAL DESCRIPTION
Number of Pages 305 ; .
700 1# - ADDED ENTRY--PERSONAL NAME
Personal name Karai Gowder, K.R .
942 ## - ADDED ENTRY ELEMENTS (KOHA)
Koha item type Books
Holdings
Withdrawn status Lost status Damaged status Home library Current library Date acquired Full call number Accession Number Koha item type
      KAUAET KAUAET 07/04/2012 631.5871 20299 Books
free website counter